| 000 | 00595nam a2200145 a 4500 | ||
|---|---|---|---|
| 001 | 3344 | ||
| 003 | CDMR | ||
| 005 | 20131011131653.0 | ||
| 008 | 130130s1926||||||||||||||||||||||||||||d | ||
| 040 |
_aCDMR _bcat _cCDMR |
||
| 110 | 2 |
_91188 _aFederación de la Prensa de España |
|
| 245 | 1 | 0 |
_aReglamento del Montepío Nacional de Periodistas Españoles _cFederación de la Prensa de España _b/ Reglamento para el socorro por defunción / Reglamento de la Federación de la Prensa Española / Reglamento de las Asambleas... |
| 260 |
_aMadrid _c1926 _bFederación de la Prensa de España |
||
| 942 |
_cMON _2udc |
||
| 999 |
_c3344 _d3344 |
||